000 01332cam a2200301 i 4500
003 SA-RiAUC
005 20251111082819.0
008 251109s1974 su g 000r0 ara c
040 _aSA-RiAUC
_bara
_cSA-RiAUC
_erda
082 0 4 _a252.5
_qSA-RiAUC
090 _a252.5
_bا ب ن ح
100 1 _aابن حميد، عبد الله بن محمد بن عبد العزيز،
_d1329-1402 هجري
_eمؤلف.
245 1 0 _aهداية الناسك إلى أهم المناسك ؛
_bيليه الدعوة إلى الجهاد في القرآن والسنة /
_cعبد الله بن محمد بن حميد.
250 _aالطبعة الثالثة.
264 1 _aمكة المكرمة :
_bمؤسسة مكة للطباعة،
_c[1974]
300 _a123 صفحة ؛
_c18سم
336 _aنص
_btxt
_2rdacontent
_3كتاب
337 _aبدون وسيط
_bn
_2rdamedia
338 _aمجلد
_bnc
_2rdacarrier
650 7 _aالحج
_2aucsh
650 7 _aالأماكن المقدسة الإسلامية
_zالسعودية
_2aucsh
650 7 _aالعبادات (فقه إسلامي)
_2aucsh
650 7 _aالجهاد
_2aucsh
650 7 _aالجهاد في الإسلام
_2aucsh
740 2 2 _aالدعوة إلى الجهاد في القرآن والسنة.
942 _2ddc
_cBOOK
_n0
949 _aSA-JeALM
_d251109
_umohamedma123
_n1
999 _c13180
_d13180